| 000 | 01195cam a2200277 4500 | ||
|---|---|---|---|
| 001 | sd 68000001 | ||
| 003 | DLC | ||
| 005 | 20260227112737.0 | ||
| 008 | 700511r19671967dcu 000 0 eng c | ||
| 010 | _asd 68000001 | ||
| 040 |
_aU.S. Dept. of State Library _cDLC _dDLC |
||
| 043 |
_an-us--- _ad------ |
||
| 050 | 0 | 0 |
_aUA12 _b.K3 |
| 082 | 0 | 0 | _a355.03/2 |
| 100 | 1 |
_aKatzenbach, Nicholas deB. _q(Nicholas deBelleville), _d1922-2012. |
|
| 245 | 1 | 0 |
_aU.S. arms for the developing world: _bdilemmas of foreign policy. |
| 260 |
_a[Washington] _bDept. of State; [for sale by the Supt. of Docs., U.S. Govt. Print. Off., _c1967] |
||
| 300 |
_a4 p. _c25 cm. |
||
| 490 | 1 |
_aDepartment of State publication _v8349. _aGeneral foreign policy series, _v222 |
|
| 500 | _aCover title. | ||
| 500 | _a"Address made before the Institute of International Relations, Stanford University, Stanford, Calif., on Nov. 17." | ||
| 500 | _a"Reprinted from Department of State Bulletin of December 11, 1967." | ||
| 650 | 0 |
_aMilitary assistance, American _zDeveloping countries. |
|
| 830 | 0 |
_aDepartment of State publication ; _v8349. |
|
| 830 | 0 |
_aDepartment of State publication. _pGeneral foreign policy series ; _v222. |
|
| 999 |
_c90115 _d90115 |
||